00394nam a2200121Ia 4500003000400000005001700004008004100021040001800062041000800080100004500088245010000133260003900233OSt20260114101731.0211028s2012 xx 000 0 und d cAIMIT LIBRARY aeng aFazal, Abdul;Kairanna, Sneha S.g1016001 aTo attain and retain the sales of maritz pharmaceutical pvt ltd through chemists in Mangalore / aMangalorebKairanna, Sneha Sc2012